Higiene de los alimentos, microbiología y HACCP /
Guardado en:
| Autor Principal: | |
|---|---|
| Otros Autores: | |
| Formato: | Libro |
| Idioma: | Spanish English |
| Publicado: |
Zaragoza :
Acribia,
2007.
|
| Edición: | 2a. ed. |
| Materias: | |
| Etiquetas: |
Agregar Etiqueta
Sin Etiquetas, Sea el primero en etiquetar este registro!
|
| LEADER | 01273nam a2200277 a 4500 | ||
|---|---|---|---|
| 001 | EIQ.libpla004288 | ||
| 008 | 111117s2007####sp#a#####b####001#0#spa## | ||
| 005 | 20121205144304.0 | ||
| 245 | 1 | 0 | |a Higiene de los alimentos, microbiología y HACCP / |c S. J. Forsythe y P. R. Hayes ; traducción de Bernabé Sanz Pérez. |
| 250 | |a 2a. ed. | ||
| 260 | |a Zaragoza : |b Acribia, |c 2007. | ||
| 300 | |a xxi, 489 p. : |b il. ; |c 24 cm. | ||
| 500 | |a Traducción de: Food hygiene, microbiology and HACCP, 3rd ed.; publicado por Kluwer Academic/Plenum Publishers, c1999. | ||
| 500 | |a Ed. rev. de: Microbiología e higiene de los alimentos / P. R. Hayes. | ||
| 504 | |a Incluye referencias bibliográficas e índice. | ||
| 020 | |a 9788420009865 | ||
| 100 | 1 | |a Forsythe, S. J. |q (Steve J.) | |
| 700 | 1 | |a Hayes, P. R. | |
| 740 | 0 | |a Microbiología e higiene de los alimentos | |
| 082 | 0 | 4 | |a 664.0028 |2 21 |
| 650 | 7 | |a Microbiología. |x Higiene alimentaria |x Alimentos | |
| 650 | 7 | |a Seguridad alimentaria. |x Control de calidad |x HACCP (Hazard Analysis Critical Control Points) | |
| 650 | 7 | |a Microbiology |x Food hygiene |x Foods | |
| 650 | 7 | |a Food safety |x Quality control |x HACCP (Análisis de riesgos y control de puntos críticos) | |
| 041 | 1 | |a eng |h spa | |
| 859 | |a AR-BbSID |b BIB. PLAPIQUI |h 664.0028 |i F74 |p 6228 | ||
